00732nam a2200217 a 450000100060000000300080000600500170001400800410003102000150007203500190008704000270010604100080013308200280014110000250016924501130019426000580030730000270036550400540039265000270044665100410047343892BD-RjUL20211209053752.0160628s1996 bg a b 000 0 eng  a9845561756 a(BD-RjUL)44010 aDLCcDLCbengdBD-RjUL aeng00a324.95492223bAHP 199610aAhmed, Minhaj Uddin.10aParliamentary election 1996 :bvoting behaviour of rural electorate in Bangladesh /cA.J. Minhaj Uddin Ahmad aBogra, Bangladesh :bRural Development Academy,c1996 a75 p. :bill ;c23 cm. aIncludes bibliographical references (p. [73]-75). 0aElectionszBangladesh. 0aBangladeshxPolitics and government.